Contabilidad general (Registro nro. 21598)

Detalles MARC
000 -Cabecera
Campo de control interno 00928nam a2200229Ia 4500
005 - Fecha y hora del registro
control field 20260420115914.0
008 - Elementos de Longitud Fija
fixed length control field 260320s9999||||xx |||||||||||||| ||und||
041 ## - Idioma
Codigo Idioma ESP
082 ## - DEWEY y NOTACIÓN INTERNA
Dewey 657
Notación Interna A71
100 ## - AUTOR
Autor denominación Argaluza Fano, Agustín,
Término de relación autor
245 #0 - TÍTULO DE MATERIAL BIBLIOGRÁFICO
Título Contabilidad general
250 ## - EDICIÓN
Edición Séptima edición
260 ## - CIUDAD, EDITORIAL, AÑO
Ciudad Santiago de Chile,
Nombre de la Editorial Universitaria,
Año [Fecha de publicación no identificada]
300 ## - DESCRIPCIÓN
N° Páginas 134 páginas :
Otros detalles cuadros ;
Dimensiones 21 cm.
650 ## - TEMAS
Temas Tecnología (Ciencias Aplicadas)
653 ## - DESCRIPTORES
Lenguajes no controlado Contabilidad
654 ## - PROGRAMAS
Programa Dpto. de Contabilidad
856 ## - URL - UBICACIÓN
URI/URL: Enlace exacto del recurso <a href="https://0u213x75y-y-https-ebooks7--24-com.itmsp.museknowledge.com/visorBook.aspx?i=9533&t=06B71891-5E02-4B78-939D-914A02F7A73E">https://0u213x75y-y-https-ebooks7--24-com.itmsp.museknowledge.com/visorBook.aspx?i=9533&t=06B71891-5E02-4B78-939D-914A02F7A73E</a>
Nota pública: Versión digital <a href="Véase además: Contabilidad básica, por Roberto Celaya Figueroa. Versión digital">Véase además: Contabilidad básica, por Roberto Celaya Figueroa. Versión digital</a>
856 ## - URL - UBICACIÓN
URI/URL: Enlace exacto del recurso <a href="https://itmsp.museknowledge.com/UCSP?groupID=2&action=source&sourceID=eBooks724">https://itmsp.museknowledge.com/UCSP?groupID=2&action=source&sourceID=eBooks724</a>
Nota pública: Versión digital <a href="Véase además: Base de datos Ebook7-24">Véase además: Base de datos Ebook7-24</a>
942 ## - ELEMENTOS DE KOHA
Tipo de documento Libro
Nombre del creador Justo Noguera
Código de catalogador Tania Ramirez
Esquema de clasificación Dewey Decimal Classification
Existencias
Codigo completo Registro Colección Copia número Disponibilidad Tipo de préstamo Biblioteca Actual Procedencia (Biblioteca) Ubicacón Fecha Ingreso Tipo de Adquisición Observación Date last seen Total checkouts Price effective from Tipo de Item Estado del Material Fuente de Clasificación Damaged status Withdrawn status
657 A71 1084968 Universidad Católica San Pablo 1 Disponible Disponible Víctor Andrés Belaunde Víctor Andrés Belaunde Planta baja cerrada 10/03/2026 Compra Contabilidad 20/03/2026   20/03/2026 Libro Bueno Dewey Decimal Classification